| 000 | 01141pam a2200277 a 4500 | ||
|---|---|---|---|
| 999 |
_c329437 _d329437 |
||
| 001 | 16012828 | ||
| 003 | Nust | ||
| 005 | 20170505155134.0 | ||
| 008 | 091208s1997 ilua b 001 0 eng | ||
| 010 | _a 2009499318 | ||
| 020 | _a9781577665762 | ||
| 020 | _a1577665767 | ||
| 040 |
_aDLC _cDLC _dDLC |
||
| 050 | 0 | 0 |
_aH62 _b.K6793 2009 |
| 082 | 0 | 0 |
_a300.72 KRA _221 |
| 100 | 1 |
_aKrathwohl, David R. _990 |
|
| 245 | 1 | 0 |
_aMethods of educational and social science research : _bthe logic of methods / _cDavid R. Krathwohl. |
| 250 | _a3rd ed. | ||
| 260 |
_aLong Grove, IL : _bLWaveland Press, _cc2009. |
||
| 300 |
_axx, 755 p. : _bill. ; _c24 cm. |
||
| 504 | _aIncludes bibliographical references (p. 705-734) and indexes. | ||
| 650 | 0 |
_aSocial sciences _xResearch _xMethodology. _991 |
|
| 650 | 0 |
_aSocial sciences _xStatistical methods. _992 |
|
| 906 |
_a7 _bcbc _corignew _d1 _eocip _f19 _gy-gencatlg |
||
| 942 |
_2ddc _cBK |
||